• 首页
  • 本馆介绍
  • 公告通知
  • 最新文献
  • 馆藏检索
  • 电子资源
  • 读者导购
  • 参考咨询
  • 我的图书馆
  • 登录
  • 详细信息显示
  • 放入我的书架
  • 预约/预借图书
  • 作者相关作品
  • 分类相关作品
  • 丛书相关作品
  • 出版社相关作品

书目信息

  • 表格格式
  • 工作单格式
  • 卡片格式
题名:
2017国家教师资格考试专用教材
    
 
作者: ;尚德机构教师资格考试研究院 编
分册:   综合素质
出版信息: 广州   广东科技出版社  2017
页数: 229页
开本: 29cm
丛书名:
单 册:
中图分类: G451.1 , G635.16
科图分类:
主题词: 教师--资格考试--教材 , 中学教师--教师素质--资格考试--教材
电子资源:
ISBN: 978-7-5359-6642-1
000 01273nam0 2200253 450
001 1925
005 20180522153105.21
010    @a978-7-5359-6642-1@dCNY35.00
100    @a20170328d2017 em y0chiy50 ea
101 0  @achi
102    @aCN@b440000
105    @ay z 000yy
200 1  @a2017国家教师资格考试专用教材@92017guo jia jiao shi zi ge kao shi zhuan yong jiao cai@i综合素质@i中学@f尚德机构教师资格考试研究院编
210    @a广州@c广东科技出版社@d2017
215    @a229页@d29cm
300    @a适用于全国统考省 (市、自治区)
330    @a本书严格依据国家教师资格证考试大纲编写,是适用于全国统考省(市、自治区)的教师资格考试教材。全书以模块为编写单元,各模块皆以章、节、目为编写层级。体系上,先以知识讲解的形式,按照《综合素质考试大纲》中所安排的知识顺序讲述关于综合素质的相关知识,并在知识讲述结束之后提供“真题链接”与“知识拓展”栏目,加深学生对相关知识的理解。每个模块最后都以“牛刀小试”的栏目附上相关习题,提高学生的考试应试能力,习题参考答案以二维码的形式提供。
606 0  @a教师@x资格考试@j教材
606 0  @a中学教师@x教师素质@x资格考试@j教材
690    @aG451.1@v5
690    @aG635.16@v5
711 02 @a尚德机构教师资格考试研究院@9shang de ji gou jiao shi zi ge kao shi yan jiu yuan@4编
801  0 @aCN@b91MARC@c20170328
905    @aMuseLib@dG451.1@e250
    
    2017国家教师资格考试专用教材.综合素质.中学/尚德机构教师资格考试研究院编.-广州:广东科技出版社,2017
    229页;29cm
    适用于全国统考省 (市、自治区)
    
    ISBN 978-7-5359-6642-1:CNY35.00
    本书严格依据国家教师资格证考试大纲编写,是适用于全国统考省(市、自治区)的教师资格考试教材。全书以模块为编写单元,各模块皆以章、节、目为编写层级。体系上,先以知识讲解的形式,按照《综合素质考试大纲》中所安排的知识顺序讲述关于综合素质的相关知识,并在知识讲述结束之后提供“真题链接”与“知识拓展”栏目,加深学生对相关知识的理解。每个模块最后都以“牛刀小试”的栏目附上相关习题,提高学生的考试应试能力,习题参考答案以二维码的形式提供。
●
相关链接 在E读中查询图书 在五车中查询图书 在当当中查询图书 在豆瓣中查询图书


正题名:2017国家教师资格考试专用教材     索取号:G451.1/250         预约/预借

序号 登录号 条形码 馆藏地/架位号 状态 备注
1 1107243   211072435   第一样本阅览室/ [索取号:G451.1/250] 在馆    
2 1107244   211072444   教育系资料室/ [索取号:G451.1/250] 在馆    
3 1107245   211072453   教育系资料室/ [索取号:G451.1/250] 在馆    
4 1107246   211072462   教育系资料室/ [索取号:G451.1/250] 在馆    
5 1107247   211072471   第四借阅区/ [索取号:G451.1/250] 在馆    
6 1107248   211072480   第四借阅区/ [索取号:G451.1/250] 在馆    
唐山师范学院图书馆 欢迎您!
大连网信软件有限公司© 版权所有